<?xml version="1.0" encoding="UTF-8"?>
<record
    xmlns:xsi="http://www.w3.org/2001/XMLSchema-instance"
    xsi:schemaLocation="http://www.loc.gov/MARC21/slim http://www.loc.gov/standards/marcxml/schema/MARC21slim.xsd"
    xmlns="http://www.loc.gov/MARC21/slim">

  <leader>00755nam a22002177a 4500</leader>
  <controlfield tag="003">OSt</controlfield>
  <controlfield tag="005">20151026104202.0</controlfield>
  <controlfield tag="008">130416s2011    sp ||||| |||| 00| 0 spa d</controlfield>
  <datafield tag="020" ind1=" " ind2=" ">
    <subfield code="a">9788467245073 (C&#xED;rculo de Lectores, tapa dura)</subfield>
    <subfield code="c">9788481099386 (Galaxia Gutenberg, tapa dura)</subfield>
  </datafield>
  <datafield tag="040" ind1=" " ind2=" ">
    <subfield code="c">CDMR</subfield>
  </datafield>
  <datafield tag="110" ind1="2" ind2=" ">
    <subfield code="9">624</subfield>
    <subfield code="a">Agencia EFE</subfield>
  </datafield>
  <datafield tag="245" ind1="1" ind2="0">
    <subfield code="a">Libro del estilo urgente</subfield>
    <subfield code="c">Agencia EFE ; pr&#xF3;logo de &#xC1;lex Grijelmo ; [edici&#xF3;n al cuidado de Mar&#xED;a Cifuentes]</subfield>
  </datafield>
  <datafield tag="260" ind1=" " ind2=" ">
    <subfield code="a">Barcelona</subfield>
    <subfield code="b">Galaxia Gutenberg</subfield>
  </datafield>
  <datafield tag="260" ind1=" " ind2=" ">
    <subfield code="b">C&#xED;rculo de Lectores</subfield>
    <subfield code="c">2011</subfield>
  </datafield>
  <datafield tag="300" ind1=" " ind2=" ">
    <subfield code="a">398 p.</subfield>
  </datafield>
  <datafield tag="650" ind1="0" ind2="4">
    <subfield code="9">3086</subfield>
    <subfield code="a">Periodisme</subfield>
    <subfield code="x">Manuals d'estil</subfield>
  </datafield>
  <datafield tag="650" ind1="0" ind2="4">
    <subfield code="9">1890</subfield>
    <subfield code="a">Ag&#xE8;ncies de not&#xED;cies</subfield>
  </datafield>
  <datafield tag="700" ind1="1" ind2=" ">
    <subfield code="9">3182</subfield>
    <subfield code="a">Cifuentes, Mar&#xED;a</subfield>
    <subfield code="e">ed.</subfield>
  </datafield>
  <datafield tag="700" ind1="1" ind2=" ">
    <subfield code="9">508</subfield>
    <subfield code="a">Grijelmo, &#xC1;lex</subfield>
  </datafield>
  <datafield tag="942" ind1=" " ind2=" ">
    <subfield code="2">udc</subfield>
    <subfield code="c">MON</subfield>
  </datafield>
  <datafield tag="999" ind1=" " ind2=" ">
    <subfield code="c">6096</subfield>
    <subfield code="d">6096</subfield>
  </datafield>
  <datafield tag="952" ind1=" " ind2=" ">
    <subfield code="0">0</subfield>
    <subfield code="1">0</subfield>
    <subfield code="4">0</subfield>
    <subfield code="7">0</subfield>
    <subfield code="a">CDMR</subfield>
    <subfield code="b">CDMR</subfield>
    <subfield code="d">2013-01-16</subfield>
    <subfield code="l">0</subfield>
    <subfield code="o">Dc 2/10</subfield>
    <subfield code="p">CDMR13046201</subfield>
    <subfield code="r">2013-04-16</subfield>
    <subfield code="w">2013-04-16</subfield>
    <subfield code="y">MON</subfield>
  </datafield>
</record>
